Welcome to CU Library Online Public Access Catalogue (OPAC)

Cost analysis and estimating for engineering and management / (Record no. 8422)

MARC details
000 -LEADER
fixed length control field 00658cam a22002054a 4500
001 - CONTROL NUMBER
control field 13194272
005 - DATE AND TIME OF LATEST TRANSACTION
control field 20251128154855.0
008 - FIXED-LENGTH DATA ELEMENTS--GENERAL INFORMATION
fixed length control field 030512s2004 njua b 001 0 eng
020 ## - INTERNATIONAL STANDARD BOOK NUMBER
International Standard Book Number 0131421271
020 ## - INTERNATIONAL STANDARD BOOK NUMBER
International Standard Book Number 9780131421271
050 00 - LIBRARY OF CONGRESS CALL NUMBER
Classification number TA183
Item number .O82 2004
082 00 - DEWEY DECIMAL CLASSIFICATION NUMBER
Classification number 658.1/55
Edition information 21
100 1# - MAIN ENTRY--PERSONAL NAME
Personal name Ostwald, Phillip F.,
Dates associated with a name 1931-
245 10 - TITLE STATEMENT
Title Cost analysis and estimating for engineering and management /
Statement of responsibility, etc. Phillip F. Ostwald, Timothy S. McLaren.
260 ## - PUBLICATION, DISTRIBUTION, ETC.
Place of publication, distribution, etc. Upper Saddle River, NJ :
Name of publisher, distributor, etc. Pearson Education,
Date of publication, distribution, etc. c2004.
300 ## - PHYSICAL DESCRIPTION
Extent xvii, 580 p. :
Other physical details ill. ;
Dimensions 24 cm.
650 #0 - SUBJECT ADDED ENTRY--TOPICAL TERM
Topical term or geographic name entry element Engineering
General subdivision Estimates.
700 1# - ADDED ENTRY--PERSONAL NAME
Personal name McLaren, Timothy S.
942 ## - ADDED ENTRY ELEMENTS (KOHA)
Source of classification or shelving scheme Library of Congress Classification
Koha item type Books
Suppress in OPAC No
999 ## -
-- 8422
-- 8422
Holdings
Withdrawn status Lost status Source of classification or shelving scheme Damaged status Not for loan Collection Home library Current library Shelving location Date acquired Total checkouts Full call number Barcode Date last seen Copy number Price effective from Koha item type
    Library of Congress Classification     Non-fiction Science Library (Miotso) Science Library (Miotso) General stacks 11/28/2025   TA183 .O82 OST SLM00006355 11/28/2025 1 11/28/2025 Books
    Library of Congress Classification     Non-fiction Science Library (Miotso) Science Library (Miotso) General stacks 11/28/2025   TA183 .O82 OST SLM00006356 11/28/2025 2 11/28/2025 Books
    Library of Congress Classification     Non-fiction Science Library (Miotso) Science Library (Miotso) General stacks 11/28/2025   TA183 .O82 OST SLM00006357 11/28/2025 3 11/28/2025 Books
    Library of Congress Classification     Non-fiction Science Library (Miotso) Science Library (Miotso) General stacks 11/28/2025   TA183 .O82 OST SLM00006358 11/28/2025 4 11/28/2025 Books
    Library of Congress Classification     Non-fiction Science Library (Miotso) Science Library (Miotso) General stacks 11/28/2025   TA183 .O82 OST SLM00006359 11/28/2025 5 11/28/2025 Books
© 2023-2024 Copyright: Central University Libraries. All Rights Reserved | Created by: Mahone Tech Office